[Event "Belgorod Elo"]
[Site "Belgorod"]
[Date "2007.06.05"]
[Round "8"]
[White "Hrapin, Valeri"]
[Black "Ivanov, Maxim"]
[Result "1/2-1/2"]
[WhiteElo "2213"]
[BlackElo "1972"]
[PlyCount "106"]
[EventDate "2007.06.01"]
[EventType "tourn"]
[EventRounds "17"]
[EventCountry "RUS"]
[SourceTitle "EXT 2009"]
[Source "ChessBase"]
[SourceDate "2008.11.26"]
[SourceVersion "1"]
[SourceVersionDate "2008.11.26"]
[SourceQuality "1"]

1. d4 c5 2. Nf3 cxd4 3. Nxd4 e6 4. c4 a6 5. g3 Be7 6. Bg2 Qc7 7. Qc2 Nf6 8. 0-0 d6 9. Nd2 Nc6 10. Nxc6 bxc6 11. e4 0-0 12. b3 Bb7 13. Bb2 e5 14. Rac1 Rfd8 15. Rfd1 a5 16. a3 Nd7 17. b4 Qb6 18. Qb3 a4 19. Qc2 Qa7 20. Nf1 Bg5 21. Rb1 Be7 22. Ne3 g6 23. h4 Qb8 24. Rd2 Qc7 25. Rbd1 Nf8 26. c5 dxc5 27. Rxd8 Rxd8 28. Rxd8 Qxd8 29. bxc5 Qa5 30. Bxe5 Bxc5 31. Bc3 Qb5 32. Qb2 Bxe3 33. Qxb5 Bxf2+ 34. Kxf2 cxb5 35. Bf1 Bc6 36. Ke3 Ne6 37. Bb4 h5 38. Bh3 Nc7 39. Bc8 Kg7 40. Kf4 f6 41. Ba5 Ne8 42. Bb4 Kf7 43. g4 hxg4 44. Bxg4 Ng7 45. Bc8 Nh5+ 46. Ke3 Ng3 47. Bg4 Nxe4 48. Bf3 f5 49. Bxe4 Bxe4 50. Kf4 Ke6 51. Bf8 Kd5 52. Bb4 Kd4 53. Bf8 Kd5 1/2-1/2

[Event "Belgorod Elo"]
[Site "Belgorod"]
[Date "2007.06.03"]
[Round "5"]
[White "Postolov, Petr"]
[Black "Hrapin, Valeri"]
[Result "0-1"]
[WhiteElo "1886"]
[BlackElo "2213"]
[PlyCount "90"]
[EventDate "2007.06.01"]
[EventType "tourn"]
[EventRounds "17"]
[EventCountry "RUS"]
[SourceTitle "EXT 2009"]
[Source "ChessBase"]
[SourceDate "2008.11.26"]
[SourceVersion "1"]
[SourceVersionDate "2008.11.26"]
[SourceQuality "1"]

1. d4 Nf6 2. c4 g6 3. Nc3 Bg7 4. e4 0-0 5. Be2 c6 6. e5 Ne8 7. Be3 d6 8. f4 c5 9. dxc5 Nc6 10. cxd6 exd6 11. exd6 Qxd6 12. Qxd6 Nxd6 13. Bc5 Rd8 14. Rd1 Nf5 15. Rxd8+ Nxd8 16. g3 b6 17. Bf3 Bb7 18. Bf2 Rc8 19. Bxb7 Nxb7 20. Nge2 Nc5 21. Bxc5 Rxc5 22. b3 a6 23. a4 Nd4 24. Nxd4 Bxd4 25. Ne4 Rc6 26. Ke2 f5 27. Kd3 Bg7 28. Nc3 Re6 29. Rd1 Bf8 30. Nd5 a5 31. Rd2 Kf7 32. Rb2 Bc5 33. Rb1 h6 34. Rf1 Re8 35. Rd1 h5 36. Rd2 h4 37. Re2 Rh8 38. Kc3 hxg3 39. hxg3 Rh1 40. Rg2 Rc1+ 41. Kb2 Rf1 42. g4 g5 43. gxf5 gxf4 44. f6 f3 45. Rg7+ Ke6 0-1

[Event "Belgorod Elo"]
[Site "Belgorod"]
[Date "2007.06.02"]
[Round "3"]
[White "Da Silva Borges, Rodrigo"]
[Black "Hrapin, Valeri"]
[Result "1-0"]
[WhiteElo "2197"]
[BlackElo "2213"]
[PlyCount "69"]
[EventDate "2007.06.01"]
[EventType "tourn"]
[EventRounds "17"]
[EventCountry "RUS"]
[SourceTitle "EXT 2009"]
[Source "ChessBase"]
[SourceDate "2008.11.26"]
[SourceVersion "1"]
[SourceVersionDate "2008.11.26"]
[SourceQuality "1"]

1. e4 e5 2. Nf3 Nc6 3. Bc4 Bc5 4. c3 Nf6 5. d3 0-0 6. b4 Bd6 7. 0-0 a6 8. a4 b6 9. h3 Bb7 10. Be3 Ne7 11. Qb3 h6 12. Nbd2 Ng6 13. Rfe1 c6 14. d4 Rb8 15. Qc2 Re8 16. Bd3 Nh5 17. Nc4 Bc7 18. dxe5 b5 19. Nd6 Nxe5 20. Nxe8 Nxf3+ 21. gxf3 Qxe8 22. Qd2 Qe6 23. Bf1 c5 24. Bg2 cxb4 25. cxb4 Re8 26. axb5 Be5 27. Rad1 axb5 28. Qxd7 Qxd7 29. Rxd7 Bc6 30. Rd3 Nf4 31. Bxf4 Bxf4 32. Red1 Kh7 33. Rd8 Re7 34. Rc8 Bb7 35. Rc5 1-0